| 000 | 00859nam a2200217Ia 4500 | ||
|---|---|---|---|
| 003 | GCL | ||
| 008 | 140319s9999 xx 000 0 ara d | ||
| 040 |
_aGCL / _cGCL |
||
| 082 | 0 | 4 |
_a371.2 _bص ا |
| 100 | 1 | _aصالح ناصر عليمات | |
| 245 | 1 | 0 |
_aادارة الجودة الشاملة فى المؤسسات التربوية : _bالتطبيق ومقترحات التطوير / _cصالح ناصر عليمات |
| 250 | _aالاولى | ||
| 260 |
_aالاردن : _bدار الشروق للنشر والتوزيع ، _c2004 |
||
| 300 |
_a196 ص ؛ _c24 سم |
||
| 650 | 0 | 4 | _aالايزو 9000 |
| 650 | 0 | 4 | _aالمدارس - تنظيم وادارة |
| 650 | 0 | 4 | _aادارة الجودة الشاملة |
| 650 | 0 | 4 | _aالتعليم - ادارة الجودة الشاملة |
| 650 | 0 | 4 | _aالتعليم - ضبط الجودة |
| 942 |
_2ddc _cBK |
||
| 999 |
_c10141 _d10141 |
||